LEADER 02646nam 2200577Ia 450 001 9911006703103321 005 20200520144314.0 010 $a1-281-05151-9 010 $a9786611051518 010 $a0-08-047775-5 035 $a(CKB)111090529102690 035 $a(EBL)294129 035 $a(OCoLC)437181455 035 $a(SSID)ssj0000155328 035 $a(PQKBManifestationID)12037619 035 $a(PQKBTitleCode)TC0000155328 035 $a(PQKBWorkID)10113083 035 $a(PQKB)10871931 035 $a(MiAaPQ)EBC294129 035 $a(EXLCZ)99111090529102690 100 $a20010823d2002 uy 0 101 0 $aeng 135 $aur|n|---||||| 181 $ctxt 182 $cc 183 $acr 200 10$aFire hazards in industry /$fNorman Thomson 210 $aOxford $cButterworth-Heinemann$d2002 215 $a1 online resource (172 p.) 300 $aDescription based upon print version of record. 311 $a0-7506-5321-3 320 $aIncludes bibliographical references and index. 327 $aFront Cover; Fire Hazards in Industry; Copyright Page; Contents; Introduction; Chapter 1. Fire Safety Legislation; Chapter 2. Fire Risk Assessment; Chapter 3. Case Study; Chapter 4. Fire Safety Management; Chapter 5. Human Factors in Fire Safety; Chapter 6. Arson; Chapter 7. Common Causes of Workplace Fires; Chapter 8. Combustion and Flammability; Chapter 9. Explosions; Chapter 10. Flammable Liquids; Index 330 $aSignificant loss to business occurs through fires in the workplace. Whether large or small, fire causes personal suffering, damage to plant, equipment and buildings, and loss of business.Fire legislation has changed over the past few years, especially with the introduction of European Directives. New regulations mean that employers have to carry out fire risk assessment and then, as a result of their findings, put in place control measures to prevent loss of life. Fire Hazards in Industry has been designed to cover, in general terms, exactly what is required of employers. It is 606 $aFire prevention 606 $aFire risk assessment 606 $aFire prevention$xManagement 606 $aFire prevention$xLaw and legislation$zGreat Britain 615 0$aFire prevention. 615 0$aFire risk assessment. 615 0$aFire prevention$xManagement. 615 0$aFire prevention$xLaw and legislation 676 $a658.477 700 $aThomson$b Norman$0627437 801 0$bMiAaPQ 801 1$bMiAaPQ 801 2$bMiAaPQ 906 $aBOOK 912 $a9911006703103321 996 $aFire hazards in industry$91212897 997 $aUNINA